ბათუმის შოთა რუსთაველის სახელმწიფო უნივერსიტეტის ბიბლიოთეკა

The complete Guide to service learning : (ბიბ.ჩანაწერი № 41174)

000 -LEADER
fixed length control field 00796nam a2200217Ia 4500
001 - CONTROL NUMBER
control field 7825
003 - CONTROL NUMBER IDENTIFIER
control field GE_BSU
005 - DATE AND TIME OF LATEST TRANSACTION
control field 20221114162536.0
008 - FIXED-LENGTH DATA ELEMENTS--GENERAL INFORMATION
fixed length control field 181216s2010||||en |||||||||||||| ||eng||
020 ## - INTERNATIONAL STANDARD BOOK NUMBER
International Standard Book Number 9781575423456x
040 ## - CATALOGING SOURCE
Transcribing agency GE_BSU
041 ## - LANGUAGE CODE
Language code of text/sound track or separate title eng
080 ## - UNIVERSAL DECIMAL CLASSIFICATION NUMBER
Universal Decimal Classification number 37 K-26
100 ## - MAIN ENTRY--PERSONAL NAME
Personal name Kaye, Cathryn Berger M.A.
9 (RLIN) 14816
245 #4 - TITLE STATEMENT
Title The complete Guide to service learning :
Remainder of title Proven, Practical Ways to Engage Students in Civic Responsibility, Academic Curriculum, & Social Action /
Statement of responsibility, etc. Cathryn Berger M.A. Kaye
264 ## - PRODUCTION, PUBLICATION, DISTRIBUTION, MANUFACTURE, AND COPYRIGHT NOTICE
Place of production, publication, distribution, manufacture Minneapolis,USA,
Name of producer, publisher, distributor, manufacturer Free Spirit,
Date of production, publication, distribution, manufacture, or copyright notice 2010.
300 ## - PHYSICAL DESCRIPTION
Extent 274 p.:
Other physical details Ill.
Dimensions 27cm.
653 ## - INDEX TERM--UNCONTROLLED
keyword Proven, Practical Ways to Engage Students in Civic Responsibility, Academic Curriculum, & Social Action
653 ## - INDEX TERM--UNCONTROLLED
keyword პედაგოგიკა
942 ## - ADDED ENTRY ELEMENTS (KOHA)
Koha item type წიგნი
Source of classification or shelving scheme
ეგზემპლარები
Withdrawn status Lost status Source of classification or shelving scheme Damaged status Not for loan Permanent Location Current Location Shelving location Date acquired Cost, normal purchase price Full call number Barcode Date last seen Copy number Price effective from Koha item type Public note
          ბათუმის შოთა რუსთაველის სახელმწიფო უნივერსიტეტის მთავარი ბიბლიოთეკა ბათუმის შოთა რუსთაველის სახელმწიფო უნივერსიტეტის მთავარი ბიბლიოთეკა წიგნსაცავი 2018-12-17 57.00 37 K-26 24181 2018-12-17 24181 2018-12-17 წიგნი 57gel.